zpět

Detail výsledku týmu

Mama Shelter - Holešovice, Praha

Datum a čas kvízu

37.5 Celkem bodů Celkový počet nahraných bodů na tomto kvízu bez doplňovacích otázek.
3. Pořadí na kvízu Konečné umístění týmu na tomto kvízu.

Zaznamenané odpovědi

# Otázka Odpověď Body Výsledky
1. Jiří Langmajer, Zdislava Pokor... Hejt není názor 0
2. Která známá sladká pochutina s... Nutella 1
3. Legendární americký folkový zp... Paul Simon 1
4. Kterému živočichovi, jenž pomá... A 1
5. Který úspěšný plavec se stal m... David Kratochvíl 1
6. Vaším prvním úkolem v dnešním... 1C 2A 3B 4D 1
7. Poznejte (parodii na) gangster... Někdo to rád horké (Some Like It Hot) 1
8. Bud Spencer a Terence Hill spo... v Itálii 1
9. Gangster, na kterého se ptáme,... Jabba Hutt 1
10. Uveďte jméno i příjmení postav... John Wick 1